Word Ladder: Mario Kart Quiz Stats

 Plays Quiz Updated Dec 27, 2013

Support Sporcle.
Go Orange.
Score 0/48 Timer 05:00
1 Play Today
Clue 4-Letter Word % Correct
Vehicle used in the series■ KART ■
91.9%
Segment of somethingPART
89.4%
Opposite of femaleMALE
87.6%
The events of an earlier timePAST
87.1%
A person in chargeBOSS
85.6%
Round object that is hit, thrown or kickedBALL
82.7%
Lower extremity of the leg below the ankleFOOT
82.4%
A race against the clock, ____ Trial■ TIME ■
81.9%
Coconut ____ (Mario Kart Wii)■ MALL ■
81.3%
A ten-cent coinDIME
81.3%
Ghost-enemies in the Mario series■ BOOS ■
81.3%
A type of guitarBASS
81.2%
Shouted as a warning during a game of golfFORE
81.1%
Growth of long hair on the neck of a lionMANE
79.7%
Feline mammalsCATS
79.4%
A friend or companionMATE
79.2%
A group of musiciansBAND
79%
Tick-____ Clock (Mario Kart DS)■ TOCK ■
79%
The trunk of a carBOOT
78.9%
Eat dinnerDINE
78.3%
DK ____ (Mario Kart DS)■ PASS ■
77.8%
Block ____ (Mario Kart 64)■ FORT ■
76.5%
Wario's Gold ____ (Mario Kart Wii)■ MINE ■
76.4%
Circular band of metal usually worn on fingerRING
76.3%
Clue 4-Letter Word % Correct
Power-up item in Mario 7, ____ Flower■ FIRE ■
76.2%
Flat pads used as a floor coveringMATS
75.8%
Abbreviation for Upper Case LettersCAPS
75.8%
A sudden loud noiseBANG
74.6%
Search engineBING
74.1%
A folder or box for holding loose papersFILE
74.1%
A heavy armored fighting vehicleTANK
73.9%
A financial establishmentBANK
73.8%
Prong on a forkTINE
73.3%
Entire kart transforms into a Bullet ____■ BILL ■
72.7%
Poison or venomBANE
72.2%
Sherbet ____ (Mario Kart 64)■ LAND ■
70.5%
A small, sharp, broad-headed nailTACK
69.4%
Occupy or take upFILL
69%
A narrow roadLANE
66.3%
Informal abbreviation of 'Linoleum'LINO
64.5%
____ ____ Jungle (Mario Kart: Double Dash!!)■ DINO ■
63.4%
Cause something to move from side to sideROCK
59.6%
Koopa ____ (Mario Kart Wii)■ CAPE ■
56.2%
A connectionLINK
56%
Sherbet ____ (Mario Kart 7)■ RINK ■
54.8%
An overhead shelfRACK
52.9%
A competition between drivers, VS ____■ RACE ■
52.5%
The hollow, jointed stem of a tall grassCANE
49.1%

Today's Daily Dose

Quick Pick
Nissan Models

Get the Picture
Amazing Trees

From the Vault

Ends With 'V' (Four Letters)

by caramba

Ancient Romans playing this quiz are going to be very confused (Likely for more than one reason).
Remove Ads.
Support Sporcle.
Get the best of Sporcle when you Go Orange. This ad-free experience offers more features, more stats, and more fun while also helping to support Sporcle. Thank you for becoming a member.

Show Comments

Extras

Top Quizzes Today


Score Distribution

Your Account Isn't Verified!

In order to create a playlist on Sporcle, you need to verify the email address you used during registration. Go to your Sporcle Settings to finish the process.

Report this User

Report this user for behavior that violates our Community Guidelines.

Details: